[Event "FESTIVAL DES JEUX - OPEN A"]
[Site "CANNES"]
[Date "2006.02.16"]
[Round "6.8"]
[White "Cvitan, Ognjen"]
[Black "Skembris, Spyridon"]
[Result "1/2-1/2"]
[WhiteElo "2528"]
[BlackElo "2451"]
[PlyCount "42"]
[EventDate "2006.??.??"]

1. c4 e5 2. g3 Nf6 3. Bg2 d5 4. cxd5 Nxd5 5. Nc3 Nb6 6. Nf3 Nc6 7. O-O Be7 8.
a3 O-O 9. b4 a6 10. d3 Be6 11. Bb2 f6 12. Rc1 Qe8 13. Nd2 Rd8 14. Nce4 Rf7 15.
Qc2 Bf8 16. Nb3 Na4 17. Nec5 Bxc5 18. Nxc5 Nxc5 19. Qxc5 Rd6 20. a4 Nd4 21.
Bxd4 b6 1/2-1/2

[Event "FESTIVAL DES JEUX - OPEN A"]
[Site "CANNES"]
[Date "2006.02.16"]
[Round "6.9"]
[White "Bujisho, Benjamin"]
[Black "Kekelidze, Mikheil"]
[Result "0-1"]
[WhiteElo "2386"]
[BlackElo "2516"]
[PlyCount "82"]
[EventDate "2006.??.??"]

1. Nf3 c5 2. c4 g6 3. g3 Bg7 4. Bg2 Nc6 5. O-O d6 6. Nc3 e6 7. e3 Nge7 8. d4
O-O 9. dxc5 dxc5 10. Qe2 b6 11. Rd1 Qc7 12. Nb5 Qb8 13. Nd6 Ba6 14. Ng5 Ne5 15.
Bxa8 Qxa8 16. f4 h6 17. fxe5 hxg5 18. Qg2 Qxg2+ 19. Kxg2 Bxe5 20. Nb5 Bb7+ 21.
Kf2 Be4 22. Nxa7 Kg7 23. Kg1 Rh8 24. Bd2 Bxb2 25. Rab1 Bxb1 26. Rxb1 Be5 27.
Rxb6 Rd8 28. Be1 Rd1 29. Kf2 Rc1 30. a4 Rxc4 31. a5 Rc2+ 32. Kf3 f5 33. h3 Nd5
34. Rb7+ Kf6 35. Nc6 Bc3 36. Bf2 g4+ 37. hxg4 fxg4+ 38. Ke4 Rxf2 39. a6 Ra2 40.
Nb8 c4 41. Nd7+ Kg5 0-1

[Event "FESTIVAL DES JEUX - OPEN A"]
[Site "CANNES"]
[Date "2006.02.16"]
[Round "6.15"]
[White "Miladinovic, Igor"]
[Black "Leygue, Dominique"]
[Result "1-0"]
[WhiteElo "2607"]
[BlackElo "2329"]
[PlyCount "119"]
[EventDate "2006.??.??"]

1. d4 Nf6 2. Bg5 e6 3. e3 c5 4. c3 cxd4 5. exd4 b6 6. Nd2 Bb7 7. Ngf3 Be7 8.
Bxf6 Bxf6 9. Bd3 d6 10. Qe2 Nd7 11. h4 Qe7 12. g4 h6 13. O-O-O O-O-O 14. Ba6
Bxa6 15. Qxa6+ Kb8 16. Nc4 d5 17. Na3 Ka8 18. Kb1 Nb8 19. Qe2 Nc6 20. h5 Rc8
21. Ne1 Na5 22. Nac2 Qc7 23. Nd3 Nc4 24. Ne3 Nd6 25. Rhe1 Rhe8 26. Nf1 Bg5 27.
Qe5 Ne4 28. Qxc7 Rxc7 29. f3 Nd6 30. Re2 Kb7 31. Nh2 Bh4 32. Rg1 Rh8 33. Nf1
Bf6 34. Nd2 Nc4 35. Nxc4 Rxc4 36. f4 Rc7 37. f5 exf5 38. gxf5 Rd8 39. Rge1 Rdd7
40. Re8 Re7 41. R1xe7 Rxe7 42. Rxe7+ Bxe7 43. Ne5 f6 44. Nd3 Bd6 45. Kc2 Kc6
46. Kd2 b5 47. Ke3 Kb6 48. Nf4 Bxf4+ 49. Kxf4 a5 50. Ke3 a4 51. Kd3 Kc6 52. Kc2
Kb6 53. b3 Ka5 54. a3 Kb6 55. bxa4 bxa4 56. Kd3 Kc6 57. c4 Kd6 58. Kc3 Kc6 59.
Kb4 dxc4 60. Kxc4 1-0

[Event "FESTIVAL DES JEUX - OPEN A"]
[Site "CANNES"]
[Date "2006.02.16"]
[Round "7.1"]
[White "Hunt, Adam"]
[Black "Maze, Sebastien"]
[Result "1/2-1/2"]
[WhiteElo "2431"]
[BlackElo "2518"]
[PlyCount "98"]
[EventDate "2006.??.??"]

1. e4 c5 2. Nf3 Nc6 3. d4 cxd4 4. Nxd4 Nf6 5. Nc3 e5 6. Ndb5 d6 7. Bg5 a6 8.
Na3 b5 9. Nd5 Be7 10. Nxe7 Nxe7 11. Bxf6 gxf6 12. Qd2 Bb7 13. O-O-O Bxe4 14.
Qxd6 Qxd6 15. Rxd6 Nc6 16. Rxf6 Ke7 17. Rh6 Rac8 18. Rh4 Bg6 19. Bd3 Bxd3 20.
cxd3 Nd4+ 21. Kb1 Rhg8 22. Re1 Kd6 23. Rh6+ Kd5 24. g3 Rg6 25. Rxh7 Rf6 26. Rh5
Rxf2 27. Rhxe5+ Kd6 28. R5e4 Nf3 29. Rf4 Nd2+ 30. Ka1 Rxf4 31. gxf4 Nf3 32. Rh1
Kd5 33. Kb1 Nd2+ 34. Ka1 Nf3 35. Kb1 Nd2+ 36. Ka1 Nf3 37. Rd1 Kd4 38. Kb1 Ke3
39. Nc2+ Kxf4 40. Rf1 Re8 41. Rf2 Kg4 42. Nb4 f5 43. Nxa6 Nd4 44. Kc1 Rc8+ 45.
Kd2 f4 46. Nb4 f3 47. Nd5 Rc2+ 48. Ke1 Rc1+ 49. Kd2 Rc2+ 1/2-1/2

[Event "FESTIVAL DES JEUX - OPEN A"]
[Site "CANNES"]
[Date "2006.02.16"]
[Round "7.2"]
[White "Saravanan, V."]
[Black "Libiszewski, Fabien"]
[Result "0-1"]
[WhiteElo "2329"]
[BlackElo "2467"]
[PlyCount "90"]
[EventDate "2006.??.??"]

1. e4 e6 2. d4 d5 3. Nc3 Nf6 4. e5 Nfd7 5. f4 c5 6. Nf3 Qb6 7. Be3 a6 8. a3 Qa7
9. Be2 Nc6 10. O-O cxd4 11. Bf2 Bc5 12. Na4 d3 13. cxd3 Bxf2+ 14. Rxf2 d4 15.
Rc1 Ne7 16. Qc2 O-O 17. Nc5 Nf5 18. Nb3 a5 19. a4 Qb6 20. Qc4 Rd8 21. Nfxd4
Nxd4 22. Nxd4 Nxe5 23. fxe5 Rxd4 24. Qc7 Qxc7 25. Rxc7 Bd7 26. Rxb7 Be8 27. b3
Rc8 28. Ra7 Rc5 29. Ra8 Kf8 30. Rf1 Ke7 31. Ra7+ Bd7 32. Kf2 Rxe5 33. Rc1 f5
34. Rc4 Rd6 35. b4 axb4 36. Rxb4 Red5 37. g3 g5 38. Rb8 Kf6 39. Rf8+ Ke5 40.
Rh8 Rd4 41. a5 Bb5 42. Rhxh7 Bxd3 43. h4 Bxe2 44. Kxe2 Rd2+ 45. Ke1 Ke4 0-1

[Event "FESTIVAL DES JEUX - OPEN A"]
[Site "CANNES"]
[Date "2006.02.16"]
[Round "7.4"]
[White "Palac, Mladen"]
[Black "Brkic, Ante"]
[Result "1/2-1/2"]
[WhiteElo "2561"]
[BlackElo "2506"]
[PlyCount "57"]
[EventDate "2006.??.??"]

1. Nf3 c5 2. c4 Nc6 3. Nc3 e5 4. e3 Nf6 5. Be2 d5 6. d4 exd4 7. exd4 cxd4 8.
Nxd4 Be7 9. cxd5 Nxd5 10. Nxc6 bxc6 11. Nxd5 Qxd5 12. Qxd5 cxd5 13. Be3 O-O 14.
O-O-O Be6 15. Kb1 Bf6 16. Bd4 Bxd4 17. Rxd4 Rfd8 18. Bd3 Kf8 19. Rc1 Rd7 20. f4
g6 21. Rc5 Rb8 22. Kc2 Ke7 23. b3 Rbb7 24. Kd2 Kd6 25. Ra5 Rdc7 26. b4 Rb6 27.
b5 Bd7 28. Rda4 Rcb7 29. Rxa7 1/2-1/2

[Event "FESTIVAL DES JEUX - OPEN A"]
[Site "CANNES"]
[Date "2006.02.16"]
[Round "7.5"]
[White "Kekelidze, Mikheil"]
[Black "King, Daniel J"]
[Result "1-0"]
[WhiteElo "2516"]
[BlackElo "2526"]
[PlyCount "76"]
[EventDate "2006.??.??"]

1. d4 d5 2. c4 e6 3. Nc3 Be7 4. Nf3 Nf6 5. g3 dxc4 6. Bg2 O-O 7. Ne5 c5 8. dxc5
Qxd1+ 9. Nxd1 Bxc5 10. O-O Nc6 11. Nxc6 bxc6 12. Be3 Bxe3 13. Nxe3 Ba6 14. Rfc1
Rab8 15. Nxc4 Bxc4 16. Rxc4 Rxb2 17. Rxc6 Rd8 18. Rc7 a5 19. Rc5 a4 20. Rc4 Nd5
21. Rxa4 Nc3 22. Ra3 Nxe2+ 23. Kf1 Nd4 24. Ra8 Rxa8 25. Bxa8 Nc2 26. Rd1 g5 27.
a4 Ra2 28. Bc6 Nb4 29. Rd8+ Kg7 30. Be8 Nd5 31. Rd7 Rxa4 32. Rxf7+ Kg8 33. Rb7
Ra6 34. Bf7+ Kh8 35. h3 Rb6 36. Rd7 Nf6 37. Ra7 Nd5 38. Ra8+ Kg7 {
suite illisible} 1-0

[Event "FESTIVAL DES JEUX - OPEN A"]
[Site "CANNES"]
[Date "2006.02.16"]
[Round "7.6"]
[White "Skembris, Spyridon"]
[Black "Saric, Ante"]
[Result "1/2-1/2"]
[WhiteElo "2451"]
[BlackElo "2455"]
[PlyCount "26"]
[EventDate "2006.??.??"]

1. d4 Nf6 2. c4 e6 3. Nf3 b6 4. g3 Ba6 5. Qa4 Bb7 6. Bg2 c5 7. dxc5 Bxc5 8. Nc3
O-O 9. O-O Be7 10. Rd1 Na6 11. Be3 Qc8 12. Rac1 Nc5 13. Qc2 Nce4 1/2-1/2

[Event "FESTIVAL DES JEUX - OPEN A"]
[Site "CANNES"]
[Date "2006.02.16"]
[Round "7.7"]
[White "Okhotnik, Vladimir"]
[Black "Miladinovic, Igor"]
[Result "0-1"]
[WhiteElo "2470"]
[BlackElo "2607"]
[PlyCount "62"]
[EventDate "2006.??.??"]

1. e4 c5 2. Nf3 Nc6 3. c3 Nf6 4. e5 Nd5 5. Bc4 Nb6 6. Be2 d6 7. exd6 e5 8. d4
cxd4 9. cxd4 e4 10. Ne5 Bxd6 11. Nxc6 bxc6 12. Nc3 Bf5 13. g4 Bg6 14. h4 h6 15.
Be3 Rb8 16. a3 Be7 17. h5 Bh7 18. Qd2 a5 19. Rg1 Bg5 20. Bxg5 hxg5 21. b4 axb4
22. axb4 O-O 23. Ra5 e3 24. fxe3 Qd6 25. Rxg5 Qh2 26. Kf1 Nc4 27. Qc1 Qh3+ 28.
Kf2 Qh4+ 29. Rg3 Qxg5 30. Bxc4 Rxb4 31. Be2 Rxd4 0-1

[Event "FESTIVAL DES JEUX - OPEN A"]
[Site "CANNES"]
[Date "2006.02.16"]
[Round "7.8"]
[White "Asanov, Timur"]
[Black "Karpatchev, Aleksandr"]
[Result "0-1"]
[WhiteElo "2392"]
[BlackElo "2530"]
[PlyCount "112"]
[EventDate "2006.??.??"]

1. d4 d5 2. Bg5 h6 3. Bh4 c5 4. Nc3 Nc6 5. Nf3 Bg4 6. Ne5 Nxe5 7. dxe5 d4 8. h3
Be6 9. Ne4 Qd5 10. Qd3 c4 11. Qf3 O-O-O 12. O-O-O c3 13. b3 f5 14. Nd6+ Rxd6
15. exd6 Qxd6 16. Rd3 Qa3+ 17. Kd1 Qb2 18. Qf4 g5 19. Qc1 gxh4 20. e3 Nf6 21.
Rxd4 Bd5 22. Bd3 Bxg2 23. Bxf5+ e6 24. Bxe6+ Kb8 25. Ke2 Bc5 26. Rdd1 Bxh1 27.
Rxh1 Rd8 28. Bf5 Rd2+ 29. Kf3 Qxc1 30. Rxc1 Nd5 31. Rg1 Nb4 32. Rg4 b5 33. Rg8+
Kc7 34. Rc8+ Kd6 35. a3 Nxc2 36. b4 Ne1+ 37. Kg4 Bb6 38. Rxc3 Rxf2 39. Bg6 Rg2+
40. Kh5 Rg3 41. Be8 Rg5+ 42. Kxh6 Re5 43. Rc6+ Ke7 44. Bg6 Bxe3+ 45. Kg7 Bd4
46. Kh6 Ng2 47. Rc7+ Kd6 48. Rc8 Be3+ 49. Kg7 Nf4 50. Bc2 Nxh3 51. a4 Nf4 52.
Kf7 h3 53. axb5 h2 54. Rd8+ Kc7 55. Rd1 Bg1 56. Rc1 Ne2 0-1

[Event "FESTIVAL DES JEUX - OPEN A"]
[Site "CANNES"]
[Date "2006.02.16"]
[Round "7.9"]
[White "Riff, Vincent"]
[Black "Cvitan, Ognjen"]
[Result "1/2-1/2"]
[WhiteElo "2306"]
[BlackElo "2528"]
[PlyCount "23"]
[EventDate "2006.??.??"]

1. Nf3 Nf6 2. c4 g6 3. g3 Bg7 4. Bg2 O-O 5. O-O d6 6. Nc3 e5 7. d3 Nc6 8. Rb1
a5 9. a3 Nd4 10. Bg5 h6 11. Bxf6 Bxf6 12. Nd2 1/2-1/2

[Event "FESTIVAL DES JEUX - OPEN A"]
[Site "CANNES"]
[Date "2006.02.16"]
[Round "7.10"]
[White "Fontaine, Robert"]
[Black "Aaberg, Anton"]
[Result "1-0"]
[WhiteElo "2524"]
[BlackElo "2383"]
[PlyCount "87"]
[EventDate "2006.??.??"]

1. d4 d5 2. Nf3 Nf6 3. c4 c6 4. Nc3 dxc4 5. a4 Bf5 6. e3 e6 7. Bxc4 Bb4 8. O-O
O-O 9. Qe2 Bg6 10. Bd2 Nbd7 11. Ne4 Bxd2 12. Nexd2 a5 13. Rfd1 Qe7 14. Bd3 Bxd3
15. Qxd3 Nd5 16. Nc4 c5 17. e4 Nb4 18. Qe2 Rfd8 19. e5 Nd5 20. Rac1 cxd4 21.
Nxd4 N7b6 22. Nd6 Nxa4 23. N4f5 Qg5 24. h4 Qxg2+ 25. Kxg2 Nf4+ 26. Kf3 Nxe2 27.
Ne7+ Kf8 28. Kxe2 Kxe7 29. Rc7+ Kf8 30. h5 Kg8 31. h6 Nb6 32. Rxb7 Rab8 33. Rg1
g6 34. Rxf7 Rd7 35. Rf3 Rc7 36. Rb3 Rc2+ 37. Kd3 Rxf2 38. Rb5 Rff8 39. Rxa5 Nd7
40. Rg2 Nxe5+ 41. Rxe5 Rfd8 42. Rxe6 Rb6 43. Re8+ Rxe8 44. Nxe8 1-0